000 00575 a2200181 4500
999 _c4521
_d4521
020 _a0395244773
050 0 0 _aHQ1588 BEC 1977
245 0 0 _aBecoming visible :
_bwomen in European history /
_cedited by Renate Bridenthal, Claudia Koonz.
264 _aBoston:
_bHoughton Mifflin Company,,
_c1977
300 _ax, 510 p. :
_bill. ;
500 _aIncludes index
504 _aIncludes bibliographies and index.
650 0 _aWomen
_xHistory.
651 0 _aEurope
700 1 _aBridenthal, Renate.
_eeditor
700 1 _aKoonz, Claudia.
_eeditor
942 _2lcc
_cBK
_h1588
_iBEC
_kHQ